Normal view
MARC view
- PARTIAL LEAST SQUARES
Entry Topical Term
001 - CONTROL NUMBER
- control field: 68143
003 - CONTROL NUMBER IDENTIFIER
- control field: NUST
005 - DATE AND TIME OF LATEST TRANSACTION
- control field: 20210628204002.0
008 - FIXED-LENGTH DATA ELEMENTS
- fixed length control field: 210628|| aca||aabn | a|a d
040 ## - CATALOGING SOURCE
- Original cataloging agency: NUST
- Transcribing agency: NUST
150 ## - HEADING--TOPICAL TERM
- Topical term or geographic name entry element: PARTIAL LEAST SQUARES
670 ## - SOURCE DATA FOUND
- Source citation: Work cat.: (NUST): Vinzi, V.Esposito, Chin, W.W, Henseler, J 68142, Handbook of partial least squares, concepts, methods and applications, 2010
